1897 1204 1048 1801 1204 1579 1669 1886 1827 1046 1092 1354 1604 1493 1715 1343 1458 1632 1586 1812 1057 1428 1731 1381 1685 1920 1243 1941 1735 1903 1037 1062 1794 1002 1126 1170 1204 1911 1912 1491 1719 1375 1685 1810 1750 1870 1959 1283 1626 1131 1099 1937 1901 1237 1138 1409 1139 1820 1099 1244 1341 1637 1046 1051 1205 1424 1485 1607 1208 1197 1574 1204 1391 1537 1653 1341 1896 1293 1898 1614 1529 1407 1399 1399 1860 1954 1204 1146 1181 1086 1465 1828 1405 1303 1466 1406 1955 1008 1829 BCNSPRNW ULIB Ver.6.0+V

เปลี่ยนเป็นภาษาไทย

Change to English
 แสดงรายละเอียดบรรณานุกรม
  กลับหน้าหลัก

Brief Record : Get Marc (ISO 2709) : E-mail record : QR code < ปิดหน้าต่าง
LEADER : 00000nam 2200000uu 4500
001    13399119985
003     ULIB
008    120820s2554||||th 000 0 tha d
020    ^a9789740329084
060  4 ^aWY157^bส838ก
100 0  ^aสุภาพ ไทยแท้.
245 00 ^aการพยาบาลสูติศาสตร์ : ภาวะผิดปกติในระยะคลอด /^cสุภาพ ไทยแท้.
250    ^aพิมพ์ครั้งที่ 1.
260    ^aกรุงเทพฯ :^bจุฬาลงกรณ์มหาวิทยาลัย,^c2554.
300    ^a260 หน้า :^bภาพประกอบ
650  7 ^aครรภ์^xการพยาบาล
650  7 ^aการคลอด
650  7 ^aสูติศาสตร์
650  7 ^aการพยาบาลสูติศาสตร์
945    ^p320^l0^i032382
945    ^p320^l0^i032383
945    ^p320^l0^i032384
945    ^p320^l0^i032385
945    ^p320^l0^i032386
945    ^p320^l0^i032387
945    ^p320^l0^i032388
945    ^p320^l0^i032389
945    ^p320^l0^i032390
945    ^p320^l0^i032391
945    ^p320^l0^i032392
945    ^p320^l0^i032393
945    ^p320^l0^i032394
945    ^p320^l0^i032395
945    ^p320^l0^i032396
995    ^aทศพร
999    ^aทศพร
รายการนี้ยังไม่มีแท็ก
คุณยังไม่ได้ล็อกอิน คุณสามารถมีกิจกรรมร่วมกับเว็บไซต์ได้ แต่ต้องล็อกอินก่อน ::
  ล็อกอิน

รายการสื่อสารสนเทศ

ลำดับที่ ประเภท เลขเรียก/บาร์โค้ด สถานที่ สถานะ
1. วิทยาศาสตร์การแพทย์ และสุขภาพ
หนังสือสำรอง
สถานะ=หนังสือสำรอง
WY157 ส838ก ฉ.1 
  Barcode: 032382
ห้องสมุดวิทยาเขตสวรรค์ประชารักษ์
►ส่วนจัดเก็บหนังสือเก่า สปร
บนชั้น
  ขอยืม
2. วิทยาศาสตร์การแพทย์ และสุขภาพ
วิทยาศาสตร์การแพทย์ และสุขภาพ
WY157 ส838ก ฉ.10 
  Barcode: 032391
ห้องสมุดวิทยาเขตสวรรค์ประชารักษ์
►ส่วนจัดเก็บหนังสือเก่า สปร
บนชั้น
  ขอยืม
3. วิทยาศาสตร์การแพทย์ และสุขภาพ
วิทยาศาสตร์การแพทย์ และสุขภาพ
WY157 ส838ก ฉ.11 
  Barcode: 032392
ห้องสมุดวิทยาเขตสวรรค์ประชารักษ์
►ส่วนจัดเก็บหนังสือเก่า สปร
บนชั้น
  ขอยืม
4. วิทยาศาสตร์การแพทย์ และสุขภาพ
วิทยาศาสตร์การแพทย์ และสุขภาพ
WY157 ส838ก ฉ.12 
  Barcode: 032393
ห้องสมุดวิทยาเขตสวรรค์ประชารักษ์
►ส่วนจัดเก็บหนังสือเก่า สปร
บนชั้น
  ขอยืม
5. วิทยาศาสตร์การแพทย์ และสุขภาพ
วิทยาศาสตร์การแพทย์ และสุขภาพ
WY157 ส838ก ฉ.13 
  Barcode: 032394
ห้องสมุดวิทยาเขตสวรรค์ประชารักษ์
►ส่วนจัดเก็บหนังสือเก่า สปร
บนชั้น
  ขอยืม
6. วิทยาศาสตร์การแพทย์ และสุขภาพ
วิทยาศาสตร์การแพทย์ และสุขภาพ
WY157 ส838ก ฉ.14 
  Barcode: 032395
ห้องสมุดวิทยาเขตสวรรค์ประชารักษ์
►ส่วนจัดเก็บหนังสือเก่า สปร
บนชั้น
  ขอยืม
7. วิทยาศาสตร์การแพทย์ และสุขภาพ
วิทยาศาสตร์การแพทย์ และสุขภาพ
WY157 ส838ก ฉ.2 
  Barcode: 032383
ห้องสมุดวิทยาเขตสวรรค์ประชารักษ์
►ส่วนจัดเก็บหนังสือเก่า สปร
บนชั้น
  ขอยืม
8. วิทยาศาสตร์การแพทย์ และสุขภาพ
วิทยาศาสตร์การแพทย์ และสุขภาพ
WY157 ส838ก ฉ.3 
  Barcode: 032384
ห้องสมุดวิทยาเขตสวรรค์ประชารักษ์
►ส่วนจัดเก็บหนังสือเก่า สปร
บนชั้น
  ขอยืม
9. วิทยาศาสตร์การแพทย์ และสุขภาพ
วิทยาศาสตร์การแพทย์ และสุขภาพ
WY157 ส838ก ฉ.4 
  Barcode: 032385
ห้องสมุดวิทยาเขตสวรรค์ประชารักษ์
►ส่วนจัดเก็บหนังสือเก่า สปร
บนชั้น
  ขอยืม
10. วิทยาศาสตร์การแพทย์ และสุขภาพ
วิทยาศาสตร์การแพทย์ และสุขภาพ
WY157 ส838ก ฉ.5 
  Barcode: 032386
ห้องสมุดวิทยาเขตสวรรค์ประชารักษ์
►ส่วนจัดเก็บหนังสือเก่า สปร
บนชั้น
  ขอยืม
11. วิทยาศาสตร์การแพทย์ และสุขภาพ
วิทยาศาสตร์การแพทย์ และสุขภาพ
WY157 ส838ก ฉ.6 
  Barcode: 032387
ห้องสมุดวิทยาเขตสวรรค์ประชารักษ์
►ส่วนจัดเก็บหนังสือเก่า สปร
บนชั้น
  ขอยืม
12. วิทยาศาสตร์การแพทย์ และสุขภาพ
วิทยาศาสตร์การแพทย์ และสุขภาพ
WY157 ส838ก ฉ.7 
  Barcode: 032388
ห้องสมุดวิทยาเขตสวรรค์ประชารักษ์
►ส่วนจัดเก็บหนังสือเก่า สปร
บนชั้น
  ขอยืม
13. วิทยาศาสตร์การแพทย์ และสุขภาพ
วิทยาศาสตร์การแพทย์ และสุขภาพ
WY157 ส838ก ฉ.8 
  Barcode: 032389
ห้องสมุดวิทยาเขตสวรรค์ประชารักษ์
►ส่วนจัดเก็บหนังสือเก่า สปร
บนชั้น
  ขอยืม
14. วิทยาศาสตร์การแพทย์ และสุขภาพ
วิทยาศาสตร์การแพทย์ และสุขภาพ
WY157 ส838ก ฉ.9 
  Barcode: 032390
ห้องสมุดวิทยาเขตสวรรค์ประชารักษ์
►ส่วนจัดเก็บหนังสือเก่า สปร
บนชั้น
  ขอยืม

รายการใกล้เคียง
    ผู้แต่ง [สุภาพ ไทยแท้.]

    หัวเรื่อง [ครรภ์ การพยาบาล]
    หัวเรื่อง [การคลอด]
    หัวเรื่อง [สูติศาสตร์]
    หัวเรื่อง [การพยาบาลสูติศาสตร์]

BibComment


ยังไม่เคยถูกคอมเมนท์

คอมเมนท์ทรัพยากรรายการนี้
  คอมเมนท์: การพยาบาลสูติศาส..


 Copyright 2026. Bcnsprnw @Library